000 00290nam a22001337a 4500
008 170920b xxu||||| |||| 00| 0 eng d
020 _ais2r2n3g7e47l
041 _aeng
080 _a7
100 _a45
101 _aART
245 _aDRAWING FROM OBSERVATION
_cCURTIS,B
942 _2udc
_cBK
999 _c28447
_d28447